Desigualdad, legitimación y conflicto: dimensiones políticas y culturales de la desigualdad en América Latina
Guardat en:
| Autors principals: | , , |
|---|---|
| Format: | Llibre |
| Idioma: | espanyol |
| Publicat: |
Santiago
Universidad Alberto Hurtado
2011
|
| Col·lecció: | Colección Trabajo Social
|
| Matèries: | |
| Etiquetes: |
Afegir etiqueta
Sense etiquetes, Sigues el primer a etiquetar aquest registre!
|
MARC
| LEADER | 00000cam a2200000 a 4500 | ||
|---|---|---|---|
| 001 | UCF0039 | ||
| 003 | CL-VaPUC | ||
| 008 | 120423e20110300CL |||||||||||||||||spa|d | ||
| 020 | |a 9789568421472 | ||
| 082 | 0 | 4 | |a 305 |b CAS |2 21 |
| 100 | 0 | |a Castillo, Mayarí |e author |9 561845 | |
| 700 | 0 | |a Bastías Saavedra, Manuel |e author |9 561846 | |
| 700 | 0 | |a Durand, Anahí |e author |9 561847 | |
| 245 | 1 | 0 | |a Desigualdad, legitimación y conflicto: dimensiones políticas y culturales de la desigualdad en América Latina |
| 300 | |a 355 p | ||
| 942 | |c BK | ||
| 945 | |d 20120423 00:00:00 |a dcastane | ||
| 260 | |a Santiago |b Universidad Alberto Hurtado |c 2011 | ||
| 650 | 7 | |a POLITICA SOCIAL AMERICA LATINA |2 CL-VaPUC |9 450712 | |
| 650 | 0 | |a Desigualdad social |9 349409 | |
| 650 | 0 | |a Pobreza |9 258652 | |
| 650 | 0 | |a Problemas sociales |9 258537 | |
| 583 | |a last modification |c 20190730 08:51:44 |k Rodrigo Vera | ||
| 490 | 0 | |a Colección Trabajo Social | |
| 999 | |c 347545 |d 347543 | ||
| 952 | |0 0 |1 0 |4 0 |6 305_000000000000000_CAS_2011 |7 0 |8 A |9 448967 |a BIBGIM |b BIBGIM |d 2019-11-22 |i 4861159 |o 305 CAS 2011 |p 4861159 |r 2025-01-15 |w 2019-11-22 |y BK |k SSL | ||